| 000 | 01093cam a22002294a 4500 | ||
|---|---|---|---|
| 005 | 20250605164137.0 | ||
| 008 | 250528s ||||||||||||||||||||||||d | ||
| 035 | _a18800 | ||
| 020 | _a71954159 | ||
| 040 |
_aGR-AtMCL _bgre _dGR-AtMCL _eAACR2 |
||
| 245 | 1 | _aSuccess in Insurance | |
| 250 | _a1st | ||
| 260 | _c1984 | ||
| 300 | _a292 | ||
| 520 | _aA comprehensive guidance to all branches of insurance. Insurance and Risk, Types of General Insurance, Types of Personal and Long-Term Insurance, Insurance and the Law, Purchasing General Insurance, Purchasing Accident and Sickness and Health Insurance, Purchasing Life Insurance and Annuities and Pensions, Insurance Purchasing Procedures, Making a Claim, Insurance Company Management and Practice, Reinsurance, Consumer Protection and the Supervision of Insurance, The Insurance Industry and Its Role in the Economy, Glossary, Further Reading, Answers to Quick Questions, Index. | ||
| 700 | 1 |
_aCarter R.L _95060 |
|
| 700 | 1 |
_aDiacon S.R _95061 |
|
| 700 | 1 |
_aJohn Murray _91627 |
|
| 942 | _cBK | ||
| 999 |
_c4113 _d4113 |
||